000
00336pab a2200145 454500
008
180718b1983 xxu||||| |||| 00| 0 eng d
100
_a
Abramson, Mark A.
245
_a
Putting reform in perspective
260
_c
1983
300
_a
3-6
362
_a
Summer
650
_a
Civil Service - U.S.A.
773
_a
Bureaucrat
909
_a
5852
999
_c
5852
_d
5852